All members of the League of Nations - Statistics

General Stats
  • This quiz has been taken 712 times
  • The average score is 53 of 63
Answer Stats
Hint Answer % Correct
Founding member United Kingdom
97%
Founding member France
94%
Founding member Japan
94%
08/09/1926 Weimar Republic
94%
Founding member China
93%
Founding member Canada
92%
Founding member Italy
92%
Founding member Spain
92%
Founding member Sweden
92%
Founding member Denmark
91%
Founding member Norway
91%
Founding member Portugal
91%
Founding member Australia
90%
16/12/1920 Finland
90%
Founding member Poland
90%
15/12/1920 Austria
89%
Founding member Belgium
89%
Founding member Brazil
89%
Founding member Greece
89%
18/07/1932 Turkey
89%
09/09/1931 Mexico
88%
Founding member Netherlands
88%
Founding member Argentina
87%
Founding member Colombia
87%
18/09/1922 Hungary
86%
Founding member New Zealand
86%
Founding member Chile
85%
Founding member Romania
85%
Founding member South Africa
85%
18/09/1934 Soviet Union
85%
16/12/1920 Bulgaria
84%
Founding member Kingdom of Serbs, Croats and Slovenes / Yugoslavia
84%
16/12/1920 Luxembourg
84%
Founding member Venezuela
84%
Founding member Iran / Persia
83%
Founding member Peru
83%
Founding member Switzerland
83%
Founding member Uruguay
83%
Founding member Panama
82%
Founding member Paraguay
81%
Founding member Czechoslovakia
80%
Founding member Honduras
80%
10/09/1923 Ireland / Irish Free State
80%
Founding member Bolivia
79%
Founding member Cuba
79%
28/09/1934 Ecuador
79%
26/05/1937 Egypt
79%
Founding member India
79%
28/09/1923 Abyssinia
78%
16/12/1920 Costa Rica
78%
17/12/1920 Albania
77%
22/09/1921 Estonia
77%
Founding member Guatemala
77%
22/09/1921 Latvia
77%
22/09/1921 Lithuania
77%
Founding member Nicaragua
77%
Founding member El Salvador
76%
Founding member Siam / Thailand
75%
Founding member Haiti
74%
28/09/1924 Dominican Republic
70%
03/10/1932 Iraq
69%
Founding member Liberia
64%
27/09/1934 Afghanistan
58%
No matching quizzes found
Score Distribution
Percent of People with Each Score
Percentile by Number Answered
Your Score History
You have not taken this quiz